| 000 | 00943nam a22002537a 4500 | ||
|---|---|---|---|
| 005 | 20170821103723.0 | ||
| 010 | _a1516ENO7 ENG-115664 | ||
| 020 |
_a9789350717189 _c195.00 |
||
| 035 | _aB-611243-275 | ||
| 035 | _aEN-99196 | ||
| 035 | _aB-667832 | ||
| 037 |
_adpl _bUBH/Ven |
||
| 037 |
_adpl _bRHSP |
||
| 082 | _a343.07 | ||
| 100 | _aArora, Sushma | ||
| 245 |
_aTaxmann's industrial laws / _cby Sushma Arora [and] Raman Arora |
||
| 260 |
_aNew Delhi _bTaxmann Publications _c2015 |
||
| 270 |
_a59/32, New Rohtak Road, _bNew Delhi _e110005 _k+91-11-45562222 |
||
| 300 |
_a202p. _c24cm(pbk) |
||
| 700 | _aArora, Raman | ||
| 942 |
_2ddc _cEN _h343.07 _mARO |
||
| 999 |
_c95877 _d95877 |
||